Champion UFC - Statistiques

Statistiques générales
  • Ce quiz a été pris 2 300 fois
  • Le résultat moyen est 3 sur 8
Answers on the Grid
Answers color-coded by a green-red scale on the quiz's grid according to % correct below.
Jon Jones
Francis Ngannou
Cyril Gane
Tony Ferguson
Dustin poirier
Bj Penn
Max Holloway
Tom Aspinall
Justin Gaethje
Brandon Moreno
Alex Pantoja
Jan Błachowicz
Randy Couture
 
Statistiques - réponses
Réponse % Correct
Jon Jones
96%
Francis Ngannou
82%
Max Holloway
41%
Alex Pantoja
30%
Bj Penn
30%
Brandon Moreno
22%
Randy Couture
20%
Jan Błachowicz
17%
Aucun quiz correspondant
Distribution des résultats
% des personnes avec chaque résultat
Percentile par nombre de réponses
Votre historique - résultats
Vous n’avez pas pris ce quiz